Bandit's Nicknames - Statistics

General Stats
  • This quiz has been taken 26 times
  • The average score is 8 of 18
Answer Stats
Hint Answer % Correct
Ragdoll Big Blue Guy
65%
Seesaw Big Blue Meanie
65%
Bedroom Big Fella
60%
Fancy Restaurant Romeo McFlourish
60%
Hospital & Tickle Crabs Telemachus
55%
Hairdressers Bert Handsome
50%
Kids & Fairytale Diddums
50%
Fairytale Bandina
45%
Teasing Shooby-Doowah
45%
Fairytale Bandishwasher
40%
Swim School Bevan
40%
Zoo Ooh-Ooh
40%
Fairytale Banddiddums
35%
Featherwand and Granny Mobile Bugalugs
35%
Chest Deep Blue
35%
Horsey Ride Gallahop
35%
Ghostbasket Hugo
35%
Teasing Ooga-Booga
35%
No matching quizzes found
Score Distribution
Percent of People with Each Score
Percentile by Number Answered
Your Score History
You have not taken this quiz